Normal view MARC view
  • SKINNER, THOMAS.P

Entry Personal Name

Number of records used in: 1

001 - CONTROL NUMBER

  • control field: 75829

003 - CONTROL NUMBER IDENTIFIER

  • control field: NUST

005 - DATE AND TIME OF LATEST TRANSACTION

  • control field: 20210628205515.0

008 - FIXED-LENGTH DATA ELEMENTS

  • fixed length control field: 210628|| aca||aabn | a|a d

040 ## - CATALOGING SOURCE

  • Original cataloging agency: NUST
  • Transcribing agency: NUST

100 ## - HEADING--PERSONAL NAME

  • Personal name: SKINNER, THOMAS.P

670 ## - SOURCE DATA FOUND

  • Source citation: Work cat.: (NUST): SKINNER, THOMAS.P, AN INTRODUCTION TO ASSEMBLY LANGUAGE PROGRAMMING FOR THE 8086 FAMILY,A SELF-TEACHING GUIDE, 1985
© 2023 Central Library, National University of Sciences and Technology. All Rights Reserved.